00893 2200325 4500001002100000005001500021035002000036007000300056040001700059100002900076245008400105250001200189300003500201020001800236041000800254082000600262084001200268090001700280264003800297336002100335337003000356338002300386650001000409700004300419850001000462008004100472990001800513990001800531990001800549INLIS00000000000653120260412081837 a0010-0422000136ta aSBPUPADbind0 aSarjoni BasriePengarang1 aKamus Teknik :bInggris-Indonesia /cSarjoni Basri ;Pengarang Ke-2,Djalnus Syah a.-cet.2 avi,370 Hal. :bilus. ;c21 cm a979-518-646-90 aind aR aR SAR k aR SAR k L1-2 a.--Jakarta :bRineka Cipta,c2001 2rdacontentaTeks 2rdamediaaTanpa Perantara 2rdacarrieravolume 4akamus0 aPengarang Ke-2,Djalnus SyahePengarang aPUPAD260412 0  a3304//BR/2007 a3304//BR/2007 a3303//BR/2007